ARRUPE JESUIT UNIVERSITY

CORONAVIRUS -STOP THE SPREAD - CLEAN,DISINFECT,COVER

The land and people of Bayelsa State : (Record no. 7404)

MARC details
000 -LEADER
fixed length control field 01035cam a2200253 a 4500
001 - CONTROL NUMBER
control field 12418003
003 - CONTROL NUMBER IDENTIFIER
control field ARRUPE
005 - DATE AND TIME OF LATEST TRANSACTION
control field 20170612103247.0
008 - FIXED-LENGTH DATA ELEMENTS--GENERAL INFORMATION
fixed length control field 010523b nr ab b 001 0 eng
010 ## - LIBRARY OF CONGRESS CONTROL NUMBER
LC control number 2001385229
020 ## - INTERNATIONAL STANDARD BOOK NUMBER
International Standard Book Number 9783507508
040 ## - CATALOGING SOURCE
Original cataloging agency DLC
Transcribing agency DLC
Modifying agency DLC
043 ## - GEOGRAPHIC AREA CODE
Geographic area code f-nr---
050 00 - LIBRARY OF CONGRESS CALL NUMBER
Classification number DT515.9.B363
Item number L36 1999
082 00 - DEWEY DECIMAL CLASSIFICATION NUMBER
Classification number 966.9/42
Edition number 21
300 ## - PHYSICAL DESCRIPTION
Other physical details ill., maps ;
Dimensions 21 cm.
245 04 - TITLE STATEMENT
Title The land and people of Bayelsa State :
Remainder of title central Niger delta /
Statement of responsibility, etc edited by Ebiegberi Joe Alagoa.
260 ## - PUBLICATION, DISTRIBUTION, ETC. (IMPRINT)
Place of publication, distribution, etc Port Harcourt, Rivers State, Nigeria :
Name of publisher, distributor, etc Onyoma Research Publications ,
Date of publication, distribution, etc c1999.
300 ## - PHYSICAL DESCRIPTION
Extent xi, 411 p. :
504 ## - BIBLIOGRAPHY, ETC. NOTE
Bibliography, etc Includes bibliographical references (p. 362-397) and index.
651 #0 - SUBJECT ADDED ENTRY--GEOGRAPHIC NAME
Geographic name Bayelsa State (Nigeria)
9 (RLIN) 32541
700 1# - ADDED ENTRY--PERSONAL NAME
Personal name Alagoa, Ebiegberi Joe.
9 (RLIN) 8146
906 ## - LOCAL DATA ELEMENT F, LDF (RLIN)
a 7
b cbc
c orignew
d 3
e ncip
f 20
g y-gencatlg
942 ## - ADDED ENTRY ELEMENTS (KOHA)
Source of classification or shelving scheme Library of Congress Classification
Koha item type Monograph ( Printed materials)
Holdings
Withdrawn status Lost status Source of classification or shelving scheme Damaged status Not for loan Collection code Home library Current library Date acquired Total Checkouts Full call number Barcode Date last seen Copy number Price effective from Koha item type
    Library of Congress Classification     Main Collection ARRUPE LIBRARY ARRUPE LIBRARY 04/03/2013   DT515.9.B363L36 1999 46600000115 07/12/2017 1 04/03/2013 Monograph ( Printed materials)

 

Arrupe Library. PO Box MP320 Mt Pleasant, Harare, Zimbabwe
263 242 745411|librarian@aju.ac.zw